MARC details
| 000 -LÍDER |
| campo de controle de tamanho fixo |
01255naa a22003257a 4500 |
| 001 - NÚMERO DE CONTROLE |
| campo de controle |
BR8801076 |
| 003 - IDENTIFICADOR DO NÚMERO DE CONTROLE |
| campo de controle |
BR-BrBNA |
| 005 - DATA E HORÁRIO DA ÚLTIMA TRANSAÇÃO |
| campo de controle |
20240918175950.0 |
| 007 - CAMPO FIXO DE DESCRIÇÃO FÍSICA--INFORMAÇÃO GERAL |
| campo de controle de tamanho fixo |
ta |
| 008 - CAMPO DE DADOS FIXOS--INFORMAÇÃO GERAL |
| campo de controle de tamanho fixo |
230509b bl.||||| |||| 00| 0 por d |
| 040 ## - FONTE DA CATALOGAÇÃO |
| Instituição da catalogação original |
BR-BrBNA |
| Idioma da catalogação |
por |
| Instituição que transcreveu o registro |
Biblioteca Nacional de Agricultura |
| 041 ## - CÓDIGO DE IDIOMA |
| Código do idioma do texto/trilha sonora ou título diferente |
(Pt) |
| 072 ## - CÓDIGO DE CATEGORIA DE ASSUNTO |
| Código de Categoria de Assunto |
E70; E72; E71 |
| Código do objeto |
0311 |
| 090 ## - NÚMERO DE CHAMADA LOCAL |
| Número de chamada |
E70 BR8801076 |
| 100 1# - ENTRADA PRINCIPAL--NOME PESSOAL |
| Nome pessoal |
Garcia, M.F. |
| 111 1# - ENTRADA PRINCIPAL--NOME DO EVENTO |
| Nome do evento ou lugar |
1. Seminario sobre a Cultura do Coco |
| Local do evento |
Aracaju, SE (Brazil) |
| Data do evento ou assinatura do tratado |
1984 |
| 245 1# - TÍTULO |
| Título |
Comercializacao, industrializacao e perspectivas de mercado interno e externo para o coco |
| 246 1# - FORMA VARIANTE DO TÍTULO |
| Título/título abreviado |
[Comercialization, industrialization and perspctives for internal and external coconut market] |
| 246 1# - FORMA VARIANTE DO TÍTULO |
| Título/título abreviado |
[Annals of the Its Seminary about Coconut Cultivation] |
| 260 3# - PUBLICAÇÃO, DISTRIBUIÇÃO, ETC. |
| Local de publicação, distribuição, etc. |
Brasilia, DF (Brasil): |
| Data da publicação, distribuição, etc. |
1986. |
| 500 ## - NOTA GERAL |
| Nota geral |
Anais do 1. Seminario sobre a Cultura do Coco<br/>Brasilia, DF (Brasil): 1986. p. 53-59<br/>(BR8801076-AM)E70<br/> |
| 650 ## - ASSUNTO--TERMO TÓPICO |
| Cabeçalho tópico ou nome geográfico |
COCO |
| 650 ## - ASSUNTO--TERMO TÓPICO |
| Cabeçalho tópico ou nome geográfico |
COMERCIALIZACAO |
| 650 ## - ASSUNTO--TERMO TÓPICO |
| Cabeçalho tópico ou nome geográfico |
INDUSTRIALIZACAO |
| 650 ## - ASSUNTO--TERMO TÓPICO |
| Cabeçalho tópico ou nome geográfico |
MERCADO NACIONAL |
| 650 ## - ASSUNTO--TERMO TÓPICO |
| Cabeçalho tópico ou nome geográfico |
MERCADO INTERNACIONAL |
| 773 0# - ENTRADA ANALÍTICA |
| Título |
Anais do 1. Seminario sobre a Cultura do Coco |
| Número de controle do registro |
E70 BR8801076 |
| Partes relacionadas |
Brasilia, DF (Brasil), 1986. p. 53-59 |
| 909 ## - |
| -- |
202404 |
| -- |
Lucia |
| -- |
55 |
| -- |
Lucia Elande |
| 942 ## - ELEMENTOS DE ENTRADA ADICIONADOS (KOHA) |
| Tipo de material Koha |
Capítulo-Livro |
| Fonte da classificação ou esquema de arquivamento na estante |
Classificação AGRIS |